Atiyah's introduction to the law of contract / (Record no. 11396)
[ view plain ]
| 000 -LEADER | |
|---|---|
| fixed length control field | 01990cam a22004332 4500 |
| 001 - CONTROL NUMBER | |
| control field | 0000020853 |
| 005 - DATE AND TIME OF LATEST TRANSACTION | |
| control field | 20151217154445.0 |
| 008 - FIXED-LENGTH DATA ELEMENTS--GENERAL INFORMATION | |
| fixed length control field | 111024s xx 000 0 eng d |
| 020 ## - INTERNATIONAL STANDARD BOOK NUMBER | |
| International Standard Book Number | 0199249411 : |
| 040 ## - CATALOGING SOURCE | |
| Original cataloging agency | KABU |
| Transcribing agency | KABU |
| 100 1# - MAIN ENTRY--PERSONAL NAME | |
| Personal name | Atiyah, Patrick Selim. |
| -- | 0000181469 |
| 245 10 - TITLE STATEMENT | |
| Title | Atiyah's introduction to the law of contract / |
| Statement of responsibility, etc. | Patrick Selim Atiyah, Stephen A. Smith. |
| 250 ## - EDITION STATEMENT | |
| Edition statement | 6th ed. |
| 260 ## - PUBLICATION, DISTRIBUTION, ETC. (IMPRINT) | |
| Place of publication, distribution, etc. | Oxford : |
| Name of publisher, distributor, etc. | Clarendon, |
| Date of publication, distribution, etc. | 2006. |
| 300 ## - PHYSICAL DESCRIPTION | |
| Extent | xxxviii, 441 p. |
| 650 #0 - SUBJECT ADDED ENTRY--TOPICAL TERM | |
| Topical term or geographic name as entry element | Contracts |
| Geographic subdivision | Great Britain. |
| -- | 0000156958 |
| 700 1# - ADDED ENTRY--PERSONAL NAME | |
| Personal name | Smith, Stephen A. |
| -- | 0000181470 |
| 852 1# - LOCATION | |
| -- | p7000 KES |
| 852 1# - LOCATION | |
| -- | p3805 KES |
| 852 1# - LOCATION | |
| -- | p7000 KES |
| 852 1# - LOCATION | |
| -- | p3805 KES |
| 852 1# - LOCATION | |
| -- | p7000 KES |
| 852 1# - LOCATION | |
| -- | p7000 KES |
| 852 1# - LOCATION | |
| -- | p7000 KES |
| 852 1# - LOCATION | |
| -- | p7000 KES |
| 852 1# - LOCATION | |
| -- | p7000 KES |
| 852 1# - LOCATION | |
| -- | p4495 KES |
| 852 1# - LOCATION | |
| -- | p7000 KES |
| 852 1# - LOCATION | |
| -- | p7000 KES |
| 852 1# - LOCATION | |
| -- | p7000 KES |
| 852 1# - LOCATION | |
| -- | p7000 KES |
| 852 1# - LOCATION | |
| -- | p7000 KES |
| 852 1# - LOCATION | |
| -- | p7000 KES |
| 852 1# - LOCATION | |
| -- | p4495 KES |
| 852 1# - LOCATION | |
| -- | p7000 KES |
| 852 1# - LOCATION | |
| -- | p7000 KES |
| 908 ## - PUT COMMAND PARAMETER (RLIN) | |
| Put command parameter | 111024 |
| 950 ## - LOCAL HOLDINGS (RLIN) | |
| -- | 1 |
| Withdrawn status | Lost status | Source of classification or shelving scheme | Not for loan | Home library | Current library | Date acquired | Total Checkouts | Full call number | Barcode | Date last seen | Date last checked out | Price effective from | Koha item type | Total Renewals | Checked out |
|---|---|---|---|---|---|---|---|---|---|---|---|---|---|---|---|
| Library of Congress Classification | Kabarak, Main Campus | Kabarak, Main Campus | 17/12/2015 | 5 | KD1554 .A85 2006 c. 10 | 028195 | 22/06/2023 | 12/06/2023 | 17/12/2015 | General Collection | |||||
| Library of Congress Classification | Kabarak, Main Campus | Kabarak, Main Campus | 17/12/2015 | 7 | KD1554 .A85 2006 c. 2 | 19625 | 24/11/2025 | 08/11/2025 | 17/12/2015 | General Collection | |||||
| Library of Congress Classification | Kabarak, Main Campus | Kabarak, Main Campus | 17/12/2015 | 4 | KD1554 .A85 2006 c. 9 | 020590 | 15/10/2019 | 09/10/2019 | 17/12/2015 | General Collection | |||||
| Library of Congress Classification | Kabarak, Main Campus | Kabarak, Main Campus | 17/12/2015 | 5 | KD1554 .A85 2006 c. 1 | 19623 | 30/10/2023 | 29/10/2023 | 17/12/2015 | General Collection | |||||
| Library of Congress Classification | Kabarak, Main Campus | Kabarak, Main Campus | 17/12/2015 | 2 | KD1554 .A85 2006 c. 7 | 020589 | 22/10/2019 | 11/10/2019 | 17/12/2015 | General Collection | |||||
| Library of Congress Classification | Kabarak, Main Campus | Kabarak, Main Campus | 17/12/2015 | 1 | KD1554 .A85 2006 c. 8 | 020660 | 06/12/2018 | 08/10/2016 | 17/12/2015 | General Collection | |||||
| Library of Congress Classification | Kabarak, Main Campus | Kabarak, Main Campus | 17/12/2015 | 11 | KD1554 .A85 2006 c. 17 | 020588 | 23/09/2023 | 18/09/2023 | 17/12/2015 | General Collection | 1 | ||||
| Library of Congress Classification | Kabarak, Main Campus | Kabarak, Main Campus | 17/12/2015 | 3 | KD1554 .A85 2006 c. 11 | 020656 | 27/11/2018 | 27/11/2018 | 17/12/2015 | General Collection | |||||
| Library of Congress Classification | Kabarak, Main Campus | Kabarak, Main Campus | 17/12/2015 | 8 | KD1554 .A85 2006 c. 13 | 020659 | 10/12/2025 | 24/11/2025 | 17/12/2015 | General Collection | 2 | ||||
| Library of Congress Classification | Kabarak, Main Campus | Kabarak, Main Campus | 17/12/2015 | 4 | KD1554 .A85 2006 c. 3 | 013123 | 03/11/2022 | 18/10/2022 | 17/12/2015 | General Collection | 1 | ||||
| Library of Congress Classification | Kabarak, Main Campus | Kabarak, Main Campus | 17/12/2015 | 11 | KD1554 .A85 2006 c. 16 | 020661 | 13/07/2023 | 03/07/2023 | 17/12/2015 | General Collection | 1 | ||||
| Library of Congress Classification | Kabarak, Main Campus | Kabarak, Main Campus | 17/12/2015 | 6 | KD1554 .A85 2006 c. 6 | 020658 | 28/09/2022 | 28/09/2022 | 17/12/2015 | General Collection | 14/10/2022 | ||||
| Library of Congress Classification | Kabarak, Main Campus | Kabarak, Main Campus | 17/12/2015 | 5 | KD1554 .A85 2006 c. 18 | 020586 | 11/10/2022 | 30/09/2022 | 17/12/2015 | General Collection | |||||
| Library of Congress Classification | Kabarak, Main Campus | Kabarak, Main Campus | 17/12/2015 | 1 | KD1554 .A85 2006 c. 12 | 020665 | 24/10/2019 | 12/10/2019 | 17/12/2015 | General Collection | |||||
| Library of Congress Classification | Kabarak, Main Campus | Kabarak, Main Campus | 17/12/2015 | 7 | KD1554 .A85 2006 c. 19 | 020587 | 21/07/2025 | 04/07/2025 | 17/12/2015 | General Collection | |||||
| Library of Congress Classification | Kabarak, Main Campus | Kabarak, Main Campus | 17/12/2015 | 7 | KD1554 .A85 2006 c. 4 | 013125 | 10/12/2024 | 28/11/2024 | 17/12/2015 | General Collection | 1 | ||||
| Library of Congress Classification | Kabarak, Main Campus | Kabarak, Main Campus | 17/12/2015 | 6 | KD1554 .A85 2006 c. 5 | 013124 | 16/06/2023 | 16/06/2023 | 17/12/2015 | General Collection | |||||
| Library of Congress Classification | Kabarak, Main Campus | Kabarak, Main Campus | 17/12/2015 | 4 | KD1554 .A85 2006 c. 14 | 020663 | 27/11/2018 | 27/11/2018 | 17/12/2015 | General Collection | |||||
| Library of Congress Classification | Kabarak, Main Campus | Kabarak, Main Campus | 17/12/2015 | 2 | KD1554 .A85 2006 c. 20 | 020662 | 07/12/2019 | 22/11/2019 | 17/12/2015 | General Collection | 1 | ||||
| Library of Congress Classification | Kabarak, Main Campus | Kabarak, Main Campus | 17/12/2015 | 2 | KD1554 .A85 2006 c. 15 | 020655 | 11/10/2022 | 22/09/2022 | 17/12/2015 | General Collection |